| 000 | 01276nam a22002177a 4500 | ||
|---|---|---|---|
| 999 |
_c58525 _d58525 |
||
| 003 | Ge_BSU | ||
| 005 | 20220524110824.0 | ||
| 008 | 220524s2019 ge ||||| |||| 00| 0 geo d | ||
| 020 | _a9789941261923 | ||
| 041 | _ageo | ||
| 080 | _a174:61(075.8)+614.253(075.8) მ-25 | ||
| 100 |
_aმამულაშვილი, ბელა _9628 |
||
| 245 |
_aბიოეთიკა : _b[სახელმძღვანელო უმაღლესი და საშუალო სპეციალური სასწავლებლების სტუდენტებისათვის] / _cბელა მამულაშვილი ; რედაქტორი რამაზ ხეცურიანი ; გარეკანის მხატვარი ნანა ვეკუა. |
||
| 250 | _aმე-17 განახლებული გამოცემა | ||
| 264 |
_aთბილისი : _bუნივერსალი, _c2019. |
||
| 300 |
_a378 გვ. ; _b20 სმ. |
||
| 653 | _aბიოეთიკა | ||
| 700 |
_aხეცურიანი, რამაზ _eრედაქტორი _9629 |
||
| 700 |
_aვეკუა, ნანა _eგარეკანის მხატვარი _9630 |
||
| 942 |
_2udc _cBK |
||